Normal view
MARC view
Entry Topical Term
001 - CONTROL NUMBER
- control field: 31051
003 - CONTROL NUMBER IDENTIFIER
- control field: dpl
005 - DATE AND TIME OF LATEST TRANSACTION
- control field: 20110803142406.0
008 - FIXED-LENGTH DATA ELEMENTS
- fixed length control field: 110803|||a|||||| | ||| d
040 ## - CATALOGING SOURCE
- Original cataloging agency: dpl
- Transcribing agency: dpl
150 ## - HEADING--TOPICAL TERM
- Topical term or geographic name as entry element: Yoga.
670 ## - SOURCE DATA FOUND
- Source citation: Work cat.: (dpl)0: Wolf, Fred Alan. 31049, The yoga of time travel :, 2007.
670 ## - SOURCE DATA FOUND
- Source citation: Work cat.: (dpl)0: Wolf, Fred Alan. 31049, The yoga of time travel :, 2007.
